000 01965nam a22003017a 4500
001 114839
003 UA-OsUOA
005 20240802111625.0
007 ta
008 20151123b un ||||| |||| 00| 0 ukr d
020 _a9667631621
040 _aUA-OsUOA
_bukr
_cUA-OsUOA
_dUA-OsUOA
041 _aukr
080 _a94(477)(082):930.1
090 _a94(477)(082):930.1
_bН34
245 _aНаукові записки
_bматеріали міжнародної конференції "Князь Василь-Костянтин Острозький в історії України та Європи" 15–17 жовтня 2008 року
_cредкол.: І. Д. Пасічник, Л.-Р. Винар, В. В. Трофимович та ін.
260 _aОстрог
_bВид-во НаУОА
_c2008
300 _a416 с.
490 _aІсторичні науки
_vвип. 13
520 _aЗбірник підготовлено за матеріалами Міжнародної наукової конференції "Князь Василь-Констянтин Острозький в історії України та Європи". До нього ввійшли статті і матеріали, які стосуються постаті князя Острозького, його ролі в житті українського суспільства та церкви, культурним, соціальним та економічним проблемам ранньомодерної історії України. Для викладачів, науковців, студентів.
650 7 _a94 Історія
_2UDC
_92466
700 1 _aПасічник І. Д.
_eголов. ред.
_91441
700 1 _aВинар Л.-Р.
_eголов. ред.
_93679
700 1 _aТрофимович В. В.
_eвідп. ред.
_92583
942 _cBK
_2udc
955 _a1
999 _c401068
_d401068